[Event "Goiania CXG U2200 op"]
[Site "Goiania"]
[Date "2016.07.03"]
[Round "5"]
[White "Boucher, Daniel Ricardo"]
[Black "Valente, Fernando Cesar"]
[Result "1-0"]
[WhiteElo "1732"]
[BlackElo "1486"]
[PlyCount "109"]
[EventDate "2016.07.02"]
[EventType "swiss"]
[EventRounds "5"]
[EventCountry "BRA"]
[SourceTitle "CBM 173 Extra"]
[Source "ChessBase"]
[SourceDate "2016.08.29"]
[SourceVersion "1"]
[SourceVersionDate "2016.08.29"]
[SourceQuality "1"]

1. b3 d5 2. f4 Nc6 3. Nf3 Bg4 4. e3 Bxf3 5. Qxf3 a6 6. Bb2 e6 7. Be2 Nf6 8. d3 Bd6 9. 0-0 Qe7 10. a3 0-0-0 11. Nd2 h5 12. h3 h4 13. Qf2 Nh5 14. Bxh5 Rxh5 15. Nf3 g6 16. Rae1 Bxa3 17. Ba1 Bd6 18. Bb2 Qd7 19. Bf6 Be7 20. Ne5 Nxe5 21. Bxe5 Bd6 22. Bb2 Kb8 23. Qd2 Rg8 24. Bf6 Be7 25. Qc3 Rf5 26. Bxe7 Qxe7 27. e4 Rh5 28. f5 dxe4 29. dxe4 gxf5 30. exf5 Qg5 31. Re2 exf5 32. Rf3 Rh6 33. Ref2 Rd6 34. Qe1 Re6 35. Qf1 Rf6 36. Rxf5 Rxf5 37. Rxf5 Qd2 38. Rf2 Qe3 39. Kh1 Rg7 40. Rf4 Qe7 41. Qf2 Rh7 42. c3 b6 43. Kh2 Qd6 44. Qe3 Rh5 45. Kg1 Re5 46. Re4 Rxe4 47. Qxe4 Qd1+ 48. Kh2 Qxb3 49. c4 Qg3+ 50. Kh1 f5 51. Qe2 f4 52. Qe5 a5 53. Qe8+ Ka7 54. Qe5 Kb7 55. Qd5+ 1-0

[Event "Goiania CXG U2200 op"]
[Site "Goiania"]
[Date "2016.07.02"]
[Round "2"]
[White "Taira, Erick Hideki"]
[Black "Valente, Fernando Cesar"]
[Result "1-0"]
[WhiteElo "1672"]
[BlackElo "1486"]
[PlyCount "43"]
[EventDate "2016.07.02"]
[EventType "swiss"]
[EventRounds "5"]
[EventCountry "BRA"]
[SourceTitle "CBM 173 Extra"]
[Source "ChessBase"]
[SourceDate "2016.08.29"]
[SourceVersion "1"]
[SourceVersionDate "2016.08.29"]
[SourceQuality "1"]

1. e4 d6 2. d4 Nf6 3. f3 e5 4. d5 Be7 5. c4 0-0 6. Nc3 c6 7. Be3 cxd5 8. cxd5 a6 9. a4 Ne8 10. Qd2 f5 11. exf5 Bxf5 12. Nge2 Nf6 13. g4 Bg6 14. Ng3 Nbd7 15. Be2 Rc8 16. h4 Bf7 17. h5 Nb6 18. Nf5 Nbxd5 19. Bh6 gxh6 20. Qxh6 Ne8 21. Bd3 Bg5 22. Ne7+ 1-0